| 000 | 01120cam a2200349 i 4500 | ||
|---|---|---|---|
| 001 | 200442509 | ||
| 999 |
_c200442509 _d60721 |
||
| 003 | TR-AnTOB | ||
| 005 | 20241111152749.0 | ||
| 007 | ta | ||
| 008 | 910708s1982 tu bl 000 0 tur | ||
| 010 | _a 91169519 | ||
| 040 |
_aDLC _beng _erda _cDLC _dTR-AnTOB |
||
| 041 | 0 | _atur | |
| 043 | _aa-tu--- | ||
| 050 | 0 | 4 |
_aKKX3544 _b.E745 1982 |
| 090 |
_aKKX3544 _b.E745 1982 |
||
| 100 | 1 |
_aErginay, Akif, _d1915-2004 _eauthor _9131978 |
|
| 245 | 1 | 0 |
_aSon değişiklikleriyle Türk vergi kanunları / _cProf. Dr. Akif Erginay. |
| 264 | 1 |
_aAnkara : _bTurhan Kitabevi, _c1982. |
|
| 300 |
_a682 pages : _btables ; _c24 cm |
||
| 336 |
_2rdacontent _atext _btxt |
||
| 337 |
_2rdamedia _aunmediated _bn |
||
| 338 |
_2rdacarrier _avolume _bnc |
||
| 650 | 7 |
_aVergilendirme _xHukuk ve mevzuat _zTürkiye _2 _937 |
|
| 650 | 7 |
_aVergi yönetimi ve usulü _zTürkiye _2etuturkob _918635 |
|
| 653 | _aHarçlar, İdari--Türkiye | ||
| 740 | 0 | _aTürk vergi kanunları. | |
| 942 |
_2lcc _cBK |
||